Las aventuras de gato : (Registro nro. 31076)

Detalles MARC
000 -LEADER
fixed length control field 00892nam a22002537a 4500
003 - CONTROL NUMBER IDENTIFIER
control field OSt
005 - DATE AND TIME OF LATEST TRANSACTION
control field 20250916115545.0
008 - FIXED-LENGTH DATA ELEMENTS--GENERAL INFORMATION
fixed length control field 250916t |||a|||| |||| 00| 0 spa d
020 ## - INTERNATIONAL STANDARD BOOK NUMBER
International Standard Book Number 9789585125407
037 ## - SOURCE OF ACQUISITION
Source of stock number/acquisition Donación
040 ## - CATALOGING SOURCE
Original cataloging agency CO-JMCR
Language of cataloging spa
Transcribing agency CO-JMCR
Description conventions rda
Modifying agency CO-JMCR
041 0# - LANGUAGE CODE
Language code of text/sound track or separate title spa
082 04 - DEWEY DECIMAL CLASSIFICATION NUMBER
Classification number A-H
Item number RABa
Edition number 23
100 1# - MAIN ENTRY--PERSONAL NAME
Personal name Rabanal, Daniel,
Dates associated with a name 1949-
Relator term autor.
9 (RLIN) 44315
245 14 - TITLE STATEMENT
Title Las aventuras de gato :
Remainder of title la isla del griego /
Statement of responsibility, etc. Daniel Rabanal ; presentación Powerpaola.
264 ## - PRODUCTION, PUBLICATION, DISTRIBUTION, MANUFACTURE, AND COPYRIGHT NOTICE
Place of production, publication, distribution, manufacture Bogotá :
Name of producer, publisher, distributor, manufacturer Secretaria Distrital de Cultura, Recreación y Deporte
Date of production, publication, distribution, manufacture, or copyright notice 2022.
300 ## - PHYSICAL DESCRIPTION
Extent 56 páginas :
Other physical details ilustraciones ;
Dimensions 23 cm.
338 ## - CARRIER TYPE
Carrier type term volumen
Carrier type code nc
Source rdacarrier
650 24 - SUBJECT ADDED ENTRY--TOPICAL TERM
Topical term or geographic name entry element Tiras cómicas
Source of heading or term JMCR
9 (RLIN) 5616
650 24 - SUBJECT ADDED ENTRY--TOPICAL TERM
Topical term or geographic name entry element Historietas
Source of heading or term JMCR
9 (RLIN) 44316
650 24 - SUBJECT ADDED ENTRY--TOPICAL TERM
Topical term or geographic name entry element Viajes en la literatura
Source of heading or term JMCR
9 (RLIN) 10007
700 12 - ADDED ENTRY--PERSONAL NAME
Personal name Gaviria, Paola,
Dates associated with a name 1977-
Relator term autora de la presentación.
9 (RLIN) 44317
942 ## - ADDED ENTRY ELEMENTS (KOHA)
Source of classification or shelving scheme Dewey Decimal Classification
Koha item type Books
Existencias
Withdrawn status Lost status Source of classification or shelving scheme Damaged status Not for loan Collection code Home library Current library Shelving location Date acquired Source of acquisition Total Checkouts Full call number Barcode Date last seen Copy number Price effective from Koha item type
    Dewey Decimal Classification     Fiction Biblioteca Pública José María del Castillo y Rada Biblioteca Pública José María del Castillo y Rada Book Cart 09/17/2024 Donación   A-H RABa 201812161 09/16/2025 Ej.1 09/16/2025 Books